SPECIAL issue on connecting cultures (Record no. 65317)
[ view plain ]
| 000 -LEADER | |
|---|---|
| fixed length control field | 00292pab a2200121 454500 |
| 008 - FIXED-LENGTH DATA ELEMENTS--GENERAL INFORMATION | |
| fixed length control field | 180718b2005 xxu||||| |||| 00| 0 eng d |
| 245 ## - TITLE STATEMENT | |
| Title | SPECIAL issue on connecting cultures |
| 260 ## - PUBLICATION, DISTRIBUTION, ETC. | |
| Date of publication, distribution, etc. | 2005 |
| 300 ## - PHYSICAL DESCRIPTION | |
| Extent | p.383-551. |
| 650 ## - SUBJECT ADDED ENTRY--TOPICAL TERM | |
| Topical term or geographic name entry element | Culture |
| 773 ## - HOST ITEM ENTRY | |
| Main entry heading | Third World Quarterly |
| 909 ## - | |
| -- | 65317 |
| Withdrawn status | Lost status | Damaged status | Not for loan | Permanent Location | Current Location | Date acquired | Serial Enumeration / chronology | Barcode | Date last seen | Price effective from | Koha item type |
|---|---|---|---|---|---|---|---|---|---|---|---|
| Indian Institute of Public Administration | Indian Institute of Public Administration | 2018-07-19 | Volume no: 26, Issue no: 3 | AR65769 | 2018-07-19 | 2018-07-19 | Articles |
